| 000 | 00502cam a2200169 a 4500 | ||
|---|---|---|---|
| 020 | _a9781597267304 (cloth : alk. paper) | ||
| 020 | _a1597267309 (cloth : alk. paper) | ||
| 040 | _cDLC | ||
| 082 | 0 | 0 | _a333 KYR 2017 A006 Or. |
| 100 | 1 | _aRandolph, John, | |
| 245 | 1 | 0 | _aEnvironmental land use planning and management / |
| 250 | _aSecond edition | ||
| 300 |
_axxvi, 746 pages : _billustrations (some color), maps (some color) ; _c27 cm |
||
| 650 | 0 | _aLand use | |
| 650 | 0 | _aLand use | |
| 942 | _cAEDBB | ||
| 999 |
_c20792 _d20792 |
||